Historia crítica del pensamiento español / (Record no. 19021)

MARC details
000 -LEADER
campo de control de longitud fija 01026nam a2200217 i 4500
001 - NÚMERO DE CONTROL
campo de control 19021
003 - IDENTIFICADOR DE NÚMERO DE CONTROL
campo de control ES-MaACL
005 - FECHA Y HORA DE LA ÚLTIMA TRANSACCIÓN
campo de control 20231219062531.0
007 - CAMPO FIJO DE DESCRIPCIÓN FÍSICA--INFORMACIÓN GENERAL
campo de control de longitud fija t|
008 - DATOS DE LONGITUD FIJA--INFORMACIÓN GENERAL
campo de control de longitud fija 020426m19791991sp ||||1| spa d
020 ## - NÚMERO INTERNACIONAL ESTÁNDAR DEL LIBRO
Número Internacional Estándar del Libro 84-239-6407-8
080 ## - NÚMERO DE LA CLASIFICACIÓN DECIMAL UNIVERSAL
Número de la Clasificación Decimal Universal 1(460)(091)
100 1# - ENTRADA PRINCIPAL--NOMBRE DE PERSONA
Nombre de persona Abellán, José Luis,
Fechas asociadas al nombre 1933-2023
9 (RLIN) 176509
245 10 - MENCIÓN DEL TÍTULO
Título Historia crítica del pensamiento español /
Mención de responsabilidad, etc. José Luis Abellán.
260 ## - PUBLICACIÓN, DISTRIBUCIÓN, ETC.
Lugar de publicación, distribución, etc. Madrid :
Nombre del editor, distribuidor, etc. Espasa-Calpe,
Fecha de publicación, distribución, etc. 1979-1991.
300 ## - DESCRIPCIÓN FÍSICA
Extensión 7 v. :
Otras características físicas il. ;
Dimensiones 23 cm.
505 8# - NOTA DE CONTENIDO CON FORMATO
Nota de contenido con formato Contiene : 1. Metodología e introducción histórica - 2. La edad de oro - 3. Del Barroco a la Ilustración (siglos XVII y XVIIII) - 4. Liberalismo y Romanticismo (1808-1874) - 5(1). La crisis contemporánea (1875-1936) - 5(2). La crisis contemporánea: fin de siglo, Modernismo, generación del 98 (1898-1913) - 5(3). La crisis contemporánea: de la Gran Guerra a la guerra civil española (1914-1939).
650 #4 - PUNTO DE ACCESO ADICIONAL DE MATERIA--TÉRMINO DE MATERIA
Término de materia o nombre geográfico como elemento de entrada Filosofía-
Subdivisión geográfica España-
Subdivisión de forma Historia.
9 (RLIN) 12844
852 ## - LOCALIZACIÓN
Ubicación ES-MaACL
Número de control de estantería L-25482-88
Holdings
Estatus retirado Estado de pérdida Estado de daño No para préstamo Biblioteca de origen Biblioteca actual Ubicación en estantería Fecha de adquisición Fuente de adquisición Total de préstamos Signatura topográfica completa Código de barras Visto por última vez Precio de reemplazo Tipo de ítem Koha
        Biblioteca del Ateneo de Madrid Biblioteca del Ateneo de Madrid Depósito 2 17/01/2008     L-25482-88 1019460 23/02/2023 23/02/2023 Libro impreso